000
00269nam a22001337a 4500
020
_a
0-7214-0589-0589-4
082
_a
823
_b
COL/B
100
_a
COLLODI, CARLO
245
_a
PINOCCHIO
260
_a
UK
300
_a
51
650
_a
ENGLISH SHORT STORY
_z
UK
942
_c
BK
999
_c
4000
_d
4000